[Event "29th SPRING FESTIVAL -  BUDAPEST"]
[Site "Budapest"]
[Date "2012.03.23"]
[Round "6.15"]
[White "Marcu, Simon"]
[Black "Domanski, Lukasz"]
[Result "1-0"]
[WhiteElo "1910"]
[BlackElo "1594"]
[PlyCount "50"]
[EventDate "2012.03.18"]

1. d4 d5 2. Nf3 Nf6 3. g3 c6 4. Bg2 Bf5 5. O-O e6 6. b3 Bd6 7. Bb2 O-O 8. c4
Nbd7 9. Nc3 Qe7 10. Nh4 Bg6 11. Nxg6 hxg6 12. e4 dxe4 13. Nxe4 Nxe4 14. Bxe4 e5
15. Re1 Rfe8 16. d5 cxd5 17. Qxd5 Nc5 18. Bxg6 Rad8 19. Bc2 Bb8 20. Qf3 e4 21.
Qg4 f6 22. Rad1 Rxd1 23. Rxd1 Rd8 24. Rd4 Re8 25. b4 Nd7 1-0

[Event "29th SPRING FESTIVAL -  BUDAPEST"]
[Site "Budapest"]
[Date "2012.03.23"]
[Round "6.16"]
[White "Cross, Ted"]
[Black "Allahverdi, Maryam"]
[Result "1-0"]
[WhiteElo "2041"]
[BlackElo "1807"]
[PlyCount "111"]
[EventDate "2012.03.18"]

1. e4 e5 2. Nf3 Nc6 3. d4 exd4 4. Bc4 Be7 5. c3 d3 6. Qb3 Na5 7. Bxf7+ Kf8 8.
Qa4 Kxf7 9. Qxa5 d6 10. O-O Nf6 11. Qb5 Re8 12. Qxd3 h6 13. Re1 Ng4 14. Bf4 Bf6
15. Nbd2 Ne5 16. Nxe5+ dxe5 17. Qxd8 Rxd8 18. Be3 b5 19. a4 c6 20. Red1 a6 21.
axb5 cxb5 22. Nb3 Rxd1+ 23. Rxd1 Be7 24. Bc5 Be6 25. Bxe7 Bxb3 26. Rd7 Ke8 27.
Rb7 Be6 28. Bd6 Bd7 29. Rb8+ Rxb8 30. Bxb8 Kf7 31. Bxe5 Bc6 32. f3 g6 33. h4 h5
34. Kf2 Ke6 35. Bf4 a5 36. Bd2 a4 37. Ke3 Kf6 38. Kd4 Ke6 39. g3 Bd7 40. Bg5
Bc6 41. Bd8 Bd7 42. Bb6 Bc6 43. Ke3 Bd7 44. Kf4 Bc6 45. Bd4 Bd7 46. Kg5 Be8 47.
g4 Bf7 48. Kh6 Be8 49. gxh5 gxh5 50. f4 Kd6 51. f5 Ke7 52. Kg7 Bf7 53. e5 Be8
54. Bc5+ Kd7 55. Kf8 Kd8 56. Be7+ 1-0

[Event "29th SPRING FESTIVAL -  BUDAPEST"]
[Site "Budapest"]
[Date "2012.03.23"]
[Round "6.17"]
[White "Dlauchy, Peter"]
[Black "Opl, Klaus"]
[Result "0-1"]
[WhiteElo "1832"]
[BlackElo "2010"]
[PlyCount "54"]
[EventDate "2012.03.18"]

1. e4 c5 2. Nf3 d6 3. d4 cxd4 4. Nxd4 Nf6 5. Nc3 g6 6. Be3 Bg7 7. f3 O-O 8. Bc4
Nc6 9. Qd2 Nd7 10. O-O-O Nb6 11. Bb3 Na5 12. Qe2 Nxb3+ 13. cxb3 a5 14. a4 Bd7
15. h4 Rc8 16. h5 d5 17. Kb1 e5 18. Nc2 d4 19. Nxd4 exd4 20. Bxd4 Bxd4 21. Rxd4
Qe7 22. g4 Be6 23. Qh2 g5 24. h6 Bxb3 25. Qd2 Rfd8 26. e5 Nc4 27. Rxd8+ Rxd8
0-1

[Event "29th SPRING FESTIVAL -  BUDAPEST"]
[Site "Budapest"]
[Date "2012.03.23"]
[Round "6.18"]
[White "Polyanszky-Tamasi, Zoltan"]
[Black "Wiman, Kenneth"]
[Result "1-0"]
[WhiteElo "1811"]
[BlackElo "1918"]
[PlyCount "67"]
[EventDate "2012.03.18"]

1. Nf3 Nf6 2. c4 e6 3. Nc3 c5 4. e3 Nc6 5. d4 cxd4 6. exd4 d5 7. Ne5 Be7 8. Be2
a6 9. Qa4 Bd7 10. Nxd7 Qxd7 11. c5 O-O 12. Bf4 Qc8 13. Rc1 Nd7 14. O-O Bf6 15.
Bd6 Re8 16. Rfd1 Nf8 17. Bg4 Qd8 18. Ne2 Be7 19. Bxe7 Qxe7 20. b4 g5 21. Qb3 f5
22. Bh5 Ng6 23. h3 Rf8 24. Bxg6 hxg6 25. f4 Kg7 26. Re1 Qf6 27. Rcd1 Rae8 28.
Qg3 gxf4 29. Nxf4 Kh6 30. h4 Rg8 31. Qf3 Qxh4 32. Nxe6 Re7 33. g3 Qf6 34. Qh1+
1-0

[Event "29th SPRING FESTIVAL -  BUDAPEST"]
[Site "Budapest"]
[Date "2012.03.23"]
[Round "6.19"]
[White "Kutschker, Alexander"]
[Black "Czipp, Janos"]
[Result "1-0"]
[WhiteElo "1778"]
[BlackElo "1426"]
[PlyCount "43"]
[EventDate "2012.03.18"]

1. c4 Nf6 2. Nc3 e6 3. e4 g6 4. e5 Nh5 5. g4 Ng7 6. d4 Bb4 7. Nf3 h6 8. Be3 d5
9. Qd2 g5 10. h4 f6 11. hxg5 f5 12. Rxh6 Rxh6 13. gxh6 Nh5 14. gxh5 Qd7 15. Ng5
Kf8 16. h7 Qg7 17. Be2 Ke8 18. O-O-O Qh8 19. h6 Be7 20. Bh5+ Kd7 21. Bg6 Bxg5
22. Bxg5 1-0

[Event "29th SPRING FESTIVAL -  BUDAPEST"]
[Site "Budapest"]
[Date "2012.04.25"]
[Round "7.1"]
[White "Nagy, Ervin"]
[Black "Horvath, David"]
[Result "1-0"]
[WhiteElo "2256"]
[BlackElo "2389"]
[PlyCount "81"]
[EventDate "2012.03.18"]

1. e4 e6 2. d4 d5 3. e5 c5 4. c3 Nc6 5. Nf3 Nh6 6. Bd3 cxd4 7. cxd4 Nf5 8. Bxf5
exf5 9. Nc3 Be7 10. Qb3 g5 11. O-O g4 12. Ne1 Nxd4 13. Qa4+ Nc6 14. Nd3 Be6 15.
Nb5 d4 16. Nd6+ Bxd6 17. exd6 Qa5 18. Qd1 Kd7 19. Bf4 b6 20. Rc1 Rac8 21. b4
Qd5 22. Qa4 f6 23. Qa6 Ne5 24. Qxa7+ Kxd6 25. Rce1 Rc7 26. Qxb6+ Rc6 27. Qb7
Rhc8 28. Nxe5 fxe5 29. Rxe5 Qxe5 30. Bxe5+ Kxe5 31. Qg7+ Ke4 32. Re1+ Kd5 33.
Rd1 Rc4 34. a3 R8c7 35. Qf6 Ra7 36. Re1 Rc6 37. Re5+ Kc4 38. Rxe6 Rxe6 39.
Qxe6+ Kc3 40. Qe1+ Kc2 41. Qe5 1-0

[Event "29th SPRING FESTIVAL -  BUDAPEST"]
[Site "Budapest"]
[Date "2012.04.25"]
[Round "7.2"]
[White "Hujbert, Florian"]
[Black "Brustkern, Juergen"]
[Result "1-0"]
[WhiteElo "2429"]
[BlackElo "2237"]
[PlyCount "75"]
[EventDate "2012.03.18"]

1. d4 Nf6 2. c4 c5 3. d5 b5 4. cxb5 a6 5. f3 e6 6. e4 exd5 7. e5 Qe7 8. Qe2 Ng8
9. Nc3 Bb7 10. Nh3 c4 11. Nf4 Qc5 12. Nfxd5 Bxd5 13. Be3 Qb4 14. a3 Qa5 15. Bd2
Be6 16. Nd5 Qd8 17. Qxc4 Be7 18. Rc1 axb5 19. Nc7+ Kf8 20. Qxb5 Nc6 21. Nxa8
Qxa8 22. Bd3 f5 23. Be3 Nh6 24. O-O Nf7 25. f4 h5 26. Rfd1 g5 27. Bc4 Rh6 28.
Bxe6 Rxe6 29. Rxd7 gxf4 30. Bxf4 Ncd8 31. Qd5 Qa4 32. Rf1 Qc2 33. Qd2 Qc4 34.
Qd3 Qa4 35. h3 Nc6 36. Rd5 Kg7 37. Qxf5 Rg6 38. e6 1-0

[Event "29th SPRING FESTIVAL -  BUDAPEST"]
[Site "Budapest"]
[Date "2012.04.25"]
[Round "7.4"]
[White "Farkas, Richard"]
[Black "Kubacsny, Laszlo"]
[Result "1/2-1/2"]
[WhiteElo "2121"]
[BlackElo "2256"]
[PlyCount "82"]
[EventDate "2012.03.18"]

1. e4 c5 2. Nf3 e6 3. c3 Nf6 4. e5 Nd5 5. Bc4 Nb6 6. Bb3 c4 7. Bc2 Nc6 8. O-O
d6 9. exd6 Qxd6 10. b3 Be7 11. Na3 cxb3 12. axb3 e5 13. d4 Bg4 14. dxe5 Qxd1
15. Bxd1 O-O-O 16. Nb5 a6 17. Nbd4 Bxf3 18. Nxf3 Nd7 19. Bf4 h6 20. h3 g5 21.
Bg3 Rhe8 22. Bc2 Nc5 23. Rad1 Ne6 24. Nd2 Nf4 25. Bxf4 gxf4 26. Nf3 Bf8 27.
Bf5+ Kc7 28. Rxd8 Rxd8 29. Re1 Bg7 30. Kf1 Re8 31. Re4 Nxe5 32. Ke2 Re7 33.
Nxe5 Bxe5 34. Kf3 b5 35. c4 f6 36. cxb5 axb5 37. Rb4 Kc6 38. Bd3 Rb7 39. Be4+
Kc5 40. Bxb7 Kxb4 41. Bd5 f5 1/2-1/2

[Event "29th SPRING FESTIVAL -  BUDAPEST"]
[Site "Budapest"]
[Date "2012.04.25"]
[Round "7.5"]
[White "Juracsik, Jozsef"]
[Black "Keschitz, Gyorgy"]
[Result "0-1"]
[WhiteElo "2136"]
[BlackElo "2223"]
[PlyCount "84"]
[EventDate "2012.03.18"]

1. e4 c5 2. c3 d5 3. exd5 Qxd5 4. d4 e6 5. Nf3 Nc6 6. Na3 Bd7 7. Be2 cxd4 8.
Nb5 O-O-O 9. cxd4 e5 10. O-O e4 11. Ng5 Nh6 12. Bf4 a6 13. a4 f6 14. Qc1 Re8
15. Bc4 Qf5 16. Nf7 Nxf7 17. Bxf7 Kd8 18. Bb3 axb5 19. d5 Ne5 20. d6 Bxd6 21.
Bg3 Ke7 22. Rd1 Nd3 23. Bxd6+ Kxd6 24. Qe3 Re5 25. f3 exf3 26. Rxd3+ Ke7 27.
Qd2 f2+ 28. Kf1 Re8 29. Qb4+ Kd8 30. Qa5+ Kc8 31. Qa8+ Kc7 32. Rc1+ Bc6 33.
Rxc6+ Kxc6 34. axb5+ Kb6 35. Rd6+ Kc7 36. Rc6+ bxc6 37. Qxc6+ Kd8 38. Qb6+ Ke7
39. Qa7+ Qd7 40. Qa3+ Kd8 41. Qa8+ Qc8 42. Qa5+ Qc7 0-1

[Event "29th SPRING FESTIVAL -  BUDAPEST"]
[Site "Budapest"]
[Date "2012.04.25"]
[Round "7.6"]
[White "Bach, Matthias"]
[Black "Piroska, Istvan"]
[Result "0-1"]
[WhiteElo "2263"]
[BlackElo "2082"]
[PlyCount "88"]
[EventDate "2012.03.18"]

1. e4 e5 2. Bb5 a6 3. Ba4 Nc6 4. d3 d5 5. Nc3 Bb4 6. Bd2 d4 7. Nce2 Bc5 8. f4
Bg4 9. h3 Bh5 10. Nf3 Bxf3 11. gxf3 Qh4+ 12. Kf1 Nge7 13. Qe1 Qf6 14. Qg3 O-O-O
15. Kf2 h6 16. Rhg1 Rhg8 17. Raf1 Bd6 18. Ke1 exf4 19. Bxf4 Ne5 20. Kd1 g5 21.
Bxe5 Bxe5 22. Qg4+ Kb8 23. Bb3 Rd6 24. Qh5 Rf8 25. Rg4 Qg6 26. Qxg6 Nxg6 27. h4
f5 28. exf5 Nxh4 29. Rxh4 gxh4 30. Be6 Bg3 31. Nxg3 hxg3 32. Rg1 h5 33. Rxg3 h4
34. Rh3 Rh8 35. f4 Rb6 36. Ke2 Rxb2 37. Kf3 Rxc2 38. f6 Rd2 39. Kg4 Rg2+ 40.
Kf3 Rg6 41. f5 Rxf6 42. Ke4 c5 43. Ke5 Rhh6 44. Kd6 Rxf5 0-1

[Event "29th SPRING FESTIVAL -  BUDAPEST"]
[Site "Budapest"]
[Date "2012.04.25"]
[Round "7.7"]
[White "Szalanczy, Emil"]
[Black "Marjanovics, Annamaria"]
[Result "1-0"]
[WhiteElo "2237"]
[BlackElo "1921"]
[PlyCount "83"]
[EventDate "2012.03.18"]

1. e4 e5 2. Nf3 Nc6 3. Bb5 a6 4. Ba4 Nf6 5. O-O Be7 6. Re1 b5 7. Bb3 d6 8. c3
O-O 9. h3 Nb8 10. d4 Nbd7 11. Nbd2 Bb7 12. a4 c5 13. Bc2 Re8 14. Nf1 Bf8 15.
Ng3 g6 16. Ra2 c4 17. Bg5 Be7 18. Qd2 Qc7 19. Nh2 Nf8 20. d5 N8d7 21. Rf1 Nc5
22. Raa1 Qd8 23. Be3 Nfd7 24. Ng4 Rf8 25. Bh6 Re8 26. Kh2 Bf8 27. f4 exf4 28.
Rxf4 f6 29. Raf1 Bxh6 30. Nxh6+ Kg7 31. Rh4 Rh8 32. Nhf5+ Kg8 33. Nxd6 Ne5 34.
Nxb7 Nxb7 35. Rhf4 Kg7 36. Rxf6 Qxf6 37. Rxf6 Kxf6 38. Qf4+ Ke7 39. Qxe5+ Kd7
40. Qe6+ Kc7 41. Qe5+ Kd7 42. Qg7+ 1-0

[Event "29th SPRING FESTIVAL -  BUDAPEST"]
[Site "Budapest"]
[Date "2012.04.25"]
[Round "7.12"]
[White "Lim, Kian Hwa"]
[Black "Kun, Joan"]
[Result "1-0"]
[WhiteElo "1839"]
[BlackElo "1859"]
[PlyCount "71"]
[EventDate "2012.03.18"]

1. e4 c6 2. d4 d5 3. Nc3 dxe4 4. Nxe4 Bf5 5. Ng3 Bg6 6. Nf3 e6 7. Bc4 Nf6 8.
O-O Nbd7 9. Re1 Be7 10. Qe2 O-O 11. Bb3 Bd6 12. Bd2 Qc7 13. Ne5 Rad8 14. Bg5
Be7 15. h4 Nxe5 16. dxe5 Nd5 17. Bxe7 Nxe7 18. Rad1 h6 19. c3 a5 20. h5 Bh7 21.
Bc2 Bxc2 22. Qxc2 Rxd1 23. Qxd1 Rd8 24. Qe2 Rd5 25. f4 Rb5 26. b3 Rd5 27. Ne4
Kh8 28. Nd6 Nc8 29. c4 Rc5 30. Ne4 b6 31. Nxc5 bxc5 32. Qd2 Ne7 33. Qd6 Qb7 34.
Rd1 Nf5 35. Qf8+ Kh7 36. Rd8 1-0

[Event "29th SPRING FESTIVAL -  BUDAPEST"]
[Site "Budapest"]
[Date "2012.04.25"]
[Round "7.13"]
[White "Borda, Lajos"]
[Black "Csati, Oliver"]
[Result "1-0"]
[WhiteElo "2135"]
[BlackElo "1972"]
[PlyCount "95"]
[EventDate "2012.03.18"]

1. e4 c5 2. Nf3 e6 3. a3 a6 4. d4 cxd4 5. Nxd4 Nc6 6. c4 g6 7. Nc3 Bg7 8. Be3
Nge7 9. Rc1 O-O 10. Be2 f5 11. Nxc6 bxc6 12. Bd4 Bh6 13. Rc2 Qa5 14. O-O e5 15.
b4 Qc7 16. Bc5 Qd8 17. Qd6 Rf7 18. Qxe5 fxe4 19. Nxe4 Bg7 20. Qg5 Qf8 21. Bd6
Bh6 22. Qc5 Qd8 23. Nf6+ Kh8 24. Ng4 Bg7 25. Ne5 Bxe5 26. Qxe5+ Kg8 27. c5 Nd5
28. Bc4 Rf5 29. Qe4 a5 30. b5 Bb7 31. Rd2 Qg5 32. f4 Qh5 33. b6 Rf6 34. Be5 Re8
35. Rxd5 cxd5 36. Bxd5+ Bxd5 37. Qxd5+ Rfe6 38. b7 Qf5 39. Qb3 a4 40. Qxa4 Rxe5
41. fxe5 Qxe5 42. Qxd7 Qxc5+ 43. Kh1 Rb8 44. Qf7+ Kh8 45. h3 Qd6 46. Rc1 Qd8
47. Qc7 Qe8 48. Qxb8 1-0

[Event "29th SPRING FESTIVAL -  BUDAPEST"]
[Site "Budapest"]
[Date "2012.04.25"]
[Round "7.14"]
[White "Polyanszky-Tamasi, Zoltan"]
[Black "Marjanovics, Gyorgy"]
[Result "1/2-1/2"]
[WhiteElo "1811"]
[BlackElo "2116"]
[PlyCount "84"]
[EventDate "2012.03.18"]

1. Nf3 d5 2. c4 e6 3. g3 Nf6 4. Bg2 c6 5. cxd5 exd5 6. d4 Bd6 7. Nc3 O-O 8. O-O
Bf5 9. Nh4 Bg6 10. Nxg6 hxg6 11. Bg5 Nbd7 12. Qb3 Qb6 13. Qxb6 axb6 14. a3 b5
15. h4 Ra7 16. Bf3 Rfa8 17. Rac1 Nb6 18. Bxf6 gxf6 19. e4 Nc4 20. Rc2 Nxb2 21.
exd5 Nc4 22. dxc6 bxc6 23. Bxc6 Nxa3 24. Nxb5 Nxc2 25. Bxa8 Rxa8 26. Nxd6 Nxd4
27. Rd1 Ne6 28. Rc1 Rd8 29. Rc8 Rxc8 30. Nxc8 Kg7 31. Ne7 f5 32. Nd5 Kh6 33.
Kg2 Nc5 34. f3 Nd7 35. g4 fxg4 36. fxg4 f6 37. Kg3 Kg7 38. Kf4 Nc5 39. Nc7 Kf7
40. Ke3 Nd7 41. h5 Ne5 42. Kf4 Nxg4 1/2-1/2

[Event "29th SPRING FESTIVAL -  BUDAPEST"]
[Site "Budapest"]
[Date "2012.04.25"]
[Round "7.15"]
[White "Cross, Ted"]
[Black "Schatzer, Andras"]
[Result "1/2-1/2"]
[WhiteElo "2041"]
[BlackElo "1782"]
[PlyCount "120"]
[EventDate "2012.03.18"]

1. e4 c5 2. Nc3 g6 3. f4 Bg7 4. Nf3 e6 5. Bc4 Nc6 6. O-O Nge7 7. d3 O-O 8. e5
a6 9. a4 d5 10. exd6 Nf5 11. Ne4 Nxd6 12. Bb3 b6 13. c3 Bb7 14. Qe2 Qe7 15. Be3
Rad8 16. Rad1 Rd7 17. Bf2 Na5 18. Ba2 Bd5 19. Nxd6 Qxd6 20. Bxd5 exd5 21. Bg3
Re7 22. Qc2 Nc6 23. d4 cxd4 24. f5 Qc5 25. Bf2 Rfe8 26. fxg6 hxg6 27. Qd3 Qc4
28. Nxd4 Nxd4 29. Bxd4 Bxd4+ 30. Qxd4 Re2 31. Qf6 Qg4 32. Qxf7+ Kh8 33. Qf6+
Kg8 34. Qf3 Qxf3 35. Rxf3 Rxb2 36. Rf2 Ree2 37. Rxe2 Rxe2 38. Rxd5 Rb2 39. a5
bxa5 40. Rxa5 Rb6 41. Kf2 Kf7 42. Ra2 Rc6 43. Rc2 Kf6 44. Ke3 Ke5 45. c4 a5 46.
Kd3 a4 47. Ra2 Ra6 48. Kc3 a3 49. Kb4 Kd4 50. c5 Kd5 51. h4 Ra8 52. g4 Rb8+ 53.
Kxa3 Kxc5 54. Rf2 Kd5 55. Rf6 Rh8 56. Rxg6 Rxh4 57. g5 Ke5 58. Rb6 Rg4 59. Rb5+
Kf4 60. Rb4+ Kxg5 1/2-1/2

[Event "29th SPRING FESTIVAL -  BUDAPEST"]
[Site "Budapest"]
[Date "2012.04.25"]
[Round "7.16"]
[White "Opl, Klaus"]
[Black "Horvath, Jeno Kalman"]
[Result "1/2-1/2"]
[WhiteElo "2010"]
[BlackElo "2029"]
[PlyCount "20"]
[EventDate "2012.03.18"]

1. e4 e6 2. d4 d5 3. Nc3 Nf6 4. Bg5 dxe4 5. Nxe4 Be7 6. Nxf6+ Bxf6 7. Bxf6 Qxf6
8. Nf3 O-O 9. Bd3 c5 10. c3 cxd4 1/2-1/2

[Event "29th SPRING FESTIVAL -  BUDAPEST"]
[Site "Budapest"]
[Date "2012.04.25"]
[Round "7.17"]
[White "Pogats, Jozsef Jr"]
[Black "Dlauchy, Peter"]
[Result "1-0"]
[WhiteElo "1781"]
[BlackElo "1832"]
[PlyCount "93"]
[EventDate "2012.03.18"]

1. e4 e6 2. d3 d5 3. Nd2 Nf6 4. Ngf3 c5 5. g3 Nc6 6. Bg2 Be7 7. O-O Qc7 8. Re1
b6 9. e5 Nd7 10. Qe2 Bb7 11. Nf1 O-O-O 12. c3 Rdg8 13. d4 g5 14. Be3 h5 15. b3
g4 16. N3d2 h4 17. a3 hxg3 18. fxg3 Qd8 19. b4 c4 20. a4 Bg5 21. Ra2 Bxe3+ 22.
Nxe3 Qg5 23. Ndf1 Rh6 24. Bh1 f6 25. exf6 Rxf6 26. Rea1 Kc7 27. a5 b5 28. a6
Bc8 29. Nc2 Rgf8 30. Na3 Kb6 31. Bg2 Ndb8 32. Qd1 Ne7 33. Nxb5 Rxf1+ 34. Bxf1
Qe3+ 35. Kh1 Nbc6 36. Nd6 Qf3+ 37. Qxf3 Rxf3 38. Nxc8+ Nxc8 39. Rc2 Rf6 40. Bg2
Nd6 41. Kg1 Nf5 42. Re2 Rh6 43. Rae1 Nd8 44. Rf2 Kxa6 45. Bxd5 Nxd4 46. Bxc4+
Nb5 47. Re5 1-0

[Event "29th SPRING FESTIVAL -  BUDAPEST"]
[Site "Budapest"]
[Date "2012.04.25"]
[Round "7.18"]
[White "Domanski, Lukasz"]
[Black "Wiman, Kenneth"]
[Result "1-0"]
[WhiteElo "1594"]
[BlackElo "1918"]
[PlyCount "75"]
[EventDate "2012.03.18"]

1. e4 e6 2. d4 d5 3. Nc3 Nf6 4. e5 Nfd7 5. Nf3 c5 6. dxc5 Bxc5 7. Bd3 Nc6 8.
Bf4 a6 9. O-O Be7 10. Qd2 b5 11. Rae1 Nb6 12. Ne2 Nc4 13. Qc1 Bb7 14. c3 Rc8
15. Ned4 Nxd4 16. Nxd4 b4 17. Qb1 Bg5 18. Bxg5 Qxg5 19. f4 Qe7 20. Qc1 bxc3 21.
bxc3 g6 22. f5 gxf5 23. Bxf5 h5 24. Kh1 Rg8 25. Bxe6 fxe6 26. Rf6 Qg7 27. Rxe6+
Kd7 28. g3 h4 29. Qb1 Rc7 30. Qf5 Kd8 31. Rd6+ Ke8 32. Ne6 d4+ 33. Kg1 dxc3 34.
Nxg7+ Rgxg7 35. Qe6+ Rce7 36. Qxc4 hxg3 37. Qa4+ Kf7 38. Rf1+ 1-0

[Event "29th SPRING FESTIVAL -  BUDAPEST"]
[Site "Budapest"]
[Date "2012.04.25"]
[Round "7.19"]
[White "Allahverdi, Maryam"]
[Black "Mihaly, Zoltan"]
[Result "1/2-1/2"]
[WhiteElo "1807"]
[BlackElo "1803"]
[PlyCount "98"]
[EventDate "2012.03.18"]

1. e4 c5 2. Nf3 g6 3. d4 cxd4 4. Nxd4 Bg7 5. Nc3 Nc6 6. Be3 Nf6 7. f4 Qa5 8.
Qd2 Ng4 9. Nb3 Bxc3 10. Nxa5 Bxd2+ 11. Bxd2 Nd4 12. Bd3 Nc6 13. Nc4 d6 14. h3
Nf6 15. Bc3 O-O 16. Nxd6 Nh5 17. Nxc8 Raxc8 18. Rf1 Ng7 19. O-O-O Ne6 20. Be2
Nc5 21. Bf3 Na4 22. Be1 Nb6 23. b3 Rfd8 24. Bc3 Kf8 25. Rxd8+ Rxd8 26. Rd1 Ke8
27. g4 Nd7 28. e5 Nc5 29. Bxc6+ bxc6 30. Rxd8+ Kxd8 31. Bd4 Ne4 32. b4 a6 33.
c4 Kd7 34. Kc2 f5 35. gxf5 gxf5 36. Kd3 e6 37. a4 Kc7 38. b5 c5 39. Be3 Kb6 40.
h4 h5 41. Bd2 axb5 42. axb5 Nf2+ 43. Kc2 Ng4 44. Kb3 Nh2 45. Ka4 Nf3 46. Ba5+
Kb7 47. Bd8 Nd2 48. Be7 Kb6 49. Bd8+ Kb7 1/2-1/2